Count to 10 in twenty languages - Statistics

General Stats
  • This quiz has been taken 36 times
    21 since last reset
  • The average score is 63 of 220
Answer Stats
Hint Answer % Correct
German - 1 Eins
92%
Spanish - 1 Uno
92%
German - 2 Zwei
92%
Spanish - 2 Dos
83%
German - 5 Fünf
83%
Spanish - 3 Tres
83%
German - 8 Acht
75%
Spanish - 5 Cinco
75%
French - 5 Cinq
75%
Spanish - 4 Cuatro
75%
German - 3 Drei
75%
German - 9 Neun
75%
Spanish - 9 Nueve
75%
German - 0 Null
75%
Spanish - 8 Ocho
75%
French - 4 Quatre
75%
Spanish - 6 Seis
75%
German - 7 Sieben
75%
French - 3 Trois
75%
French - 1 Un
75%
Italian - 1 Uno
75%
German - 4 Vier
75%
Italian - 5 Cinque
67%
French - 2 Deux
67%
Spanish - 10 Diez
67%
Italian - 2 Due
67%
Italian - 4 Quattro
67%
German - 6 Sechs
67%
Italian - 6 Sei
67%
French - 7 Sept
67%
Spanish - 7 Siete
67%
French - 6 Six
67%
Italian - 3 Tre
67%
German - 10 Zehn
67%
Portuguese - 5 Cinco
58%
French - 10 Dix
58%
French - 8 Huit
58%
French - 9 Neuf
58%
Portuguese - 4 Quatro
58%
Portuguese - 6 Seis
58%
Italian - 7 Sette
58%
Italian - 0 Zero
58%
Spanish - 0 Cero
50%
Italian - 9 Nove
50%
Dutch - 0 Nul
50%
Italian - 8 Otto
50%
Portuguese - 3 Três
50%
French - 0 Zéro
50%
Portuguese - 10 Dez
42%
Portuguese - 2 Dois
42%
Dutch - 1 Een
42%
Portuguese - 9 Nove
42%
Portuguese - 8 Oito
42%
Portuguese - 7 Sete
42%
Portuguese - 1 Um
42%
Dutch - 4 Vier
42%
Arabic - 4 Arba'ah
33%
Italian - 10 Dieci
33%
Dutch - 3 Drie
33%
Latin - 2 Duo
33%
Ukrainian - 2 Dva
33%
Norwegian - 1 En
33%
Japanese - 1 Ichi
33%
Japanese - 2 Ni
33%
Japanese - 3 San
33%
Latin - 3 Tres
33%
Latin - 1 Unus
33%
Portuguese - 0 Zero
33%
Dutch - 8 Acht
25%
Norwegian - 8 Åtte
25%
Latin - 10 Decem
25%
Norwegian - 5 Fem
25%
Norwegian - 4 Fire
25%
Japanese - 5 Go
25%
Finnish - 2 Kaksi
25%
Arabic - 5 Khamsa
25%
Japanese - 9 Kyu
25%
Dutch - 9 Negen
25%
Norwegian - 9 Ni
25%
Latin - 9 Novem
25%
Norwegian - 0 Null
25%
Latin - 8 Octo
25%
Ukrainian - 1 Odýn
25%
Hindi - 5 Pánch
25%
Ukrainian - 5 P'yat'
25%
Latin - 5 Quinque
25%
Arabic - 7 Sab'ah
25%
Norwegian - 6 Seks
25%
Latin - 7 Septem
25%
Latin - 6 Sex
25%
Japanese - 7 Shichi/Nana
25%
Japanese - 4 Shi/Yon
25%
Norwegian - 7 Syv/Sju
25%
Norwegian - 10 Ti
25%
Dutch - 10 Tien
25%
Norwegian - 2 To
25%
Norwegian - 3 Tre
25%
Ukrainian - 3 Try
25%
Dutch - 2 Twee
25%
Dutch - 5 Vijf
25%
Arabic - 1 Wáhid
25%
Finnish - 1 Yksi
25%
Dutch - 6 Zes
25%
Dutch - 7 Zeven
25%
Hebrew - 4 Arba'á/Arbá
17%
Arabic - 10 Ashara
17%
Hindi - 8 Áth
17%
Farsi - 4 Chahár/Char
17%
Hebrew - 5 Chamishá/Chamésh
17%
Hindi - 4 Chár
17%
Ukrainian - 4 Chotýry
17%
Farsi - 10 Dah
17%
Hindi - 10 Das
17%
Greek - 10 Déka
17%
Ukrainian - 10 Désyat'
17%
Ukrainian - 9 Dév'yat'
17%
Farsi - 2 Do
17%
Hindi - 2 Do
17%
Greek - 2 Dýo
17%
Hindi - 1 Ek
17%
Greek - 1 Éna
17%
Greek - 9 Ennéa
17%
Greek - 7 Eptá/Eftá
17%
Greek - 6 Éxi
17%
Japanese - 8 Hachi
17%
Farsi - 7 Haft
17%
Farsi - 8 Hasht
17%
Japanese - 10 Ju
17%
Finnish - 8 Kahdeksan
17%
Finnish - 3 Kolme
17%
Finnish - 6 Kuusi
17%
Finnish - 10 Kymmenen
17%
Hindi - 9 Nau
17%
Finnish - 4 Neljä
17%
Farsi - 9 Noh
17%
Greek - 8 Októ/Okhtó
17%
Farsi - 5 Panj
17%
Greek - 5 Pénte
17%
Latin - 4 Quattuor
17%
Japanese - 6 Roku
17%
Hindi - 7 Sát
17%
Farsi - 3 Seh
17%
Farsi - 6 Shesh/Shish
17%
Ukrainian - 6 Shist'
17%
Hindi - 0 Shunya
17%
Ukrainian - 7 Sim
17%
Arabic - 6 Sitta
17%
Greek - 4 Téssera
17%
Arabic - 3 Thalátha
17%
Hindi - 3 Tín
17%
Arabic - 9 Tis'ah
17%
Greek - 3 Tría
17%
Finnish - 5 Viisi
17%
Ukrainian - 8 Vísim
17%
Farsi - 1 Yek
17%
Finnish - 9 Yhdeksän
17%
Korean - 9 Ahop
8%
Amharic - 5 Amist
8%
Amharic - 1 And
8%
Amharic - 4 Arat
8%
Amharic - 10 Aser
8%
Hebrew - 10 Aserá/Éser
8%
Hindi - 6 Che
8%
Polish - 4 Cztery
8%
Korean - 2 Dul
8%
Polish - 2 Dwa
8%
Polish - 10 Dziesięć
8%
Polish - 9 Dziewięć
8%
Hebrew - 1 Echád
8%
Hebrew - 0 Éfes
8%
Thai - 5 Hâa
8%
Korean - 1 Hana
8%
Thai - 6 Hòk
8%
Amharic - 2 Hulet
8%
Arabic - 2 Ithnán
8%
Polish - 1 Jeden
8%
Korean - 0 Jelo/Yeong
8%
Greek - 0 Midén
8%
Korean - 4 Net
8%
Latin - 0 Nihil
8%
Finnish - 0 Nolla
8%
Thai - 1 Nùeng
8%
Ukrainian - 0 Nul'
8%
Polish - 8 Osiem
8%
Polish - 5 Pięć
8%
Thai - 3 Sǎam
8%
Thai - 2 Sǎawng
8%
Amharic - 7 Sabat
8%
Farsi - 0 Sefr
8%
Finnish - 7 Seitsemän
8%
Korean - 3 Set
8%
Hebrew - 6 Shishá/Shesh
8%
Hebrew - 7 Shiv'á/Shéva
8%
Hebrew - 0 Shloshá/Shalósh
8%
Hebrew - 8 Shmoná/Shmóne
8%
Hebrew - 2 Shnaim/Shtaim
8%
Amharic - 6 Sidist
8%
Polish - 7 Siedem
8%
Arabic - 0 Sifr
8%
Thai - 4 Sìi
8%
Amharic - 3 Sost
8%
Polish - 6 Sześć
8%
Arabic - 8 Thamánía
8%
Hebrew - 9 Tish'á/Téysha
8%
Polish - 3 Trzy
8%
Korean - 8 Yeodeol (Yodol)
8%
Korean - 10 Yeol (Yol)
8%
Polish - 0 Zero
8%
Amharic - 0 Zero
8%
Japanese - 0 Zero
8%
Amharic - 9 Zeteñ
8%
Korean - 5 Daseot (Dasot)
0%
Thai - 9 Gâo
0%
Korean - 7 Ilgop
0%
Thai - 7 Jèt
0%
Thai - 8 Pàaet
0%
Amharic - 8 Simint
0%
Thai - 10 Sìp
0%
Thai - 0 Sǔun
0%
Korean - 6 Yoseot (Yosot)
0%
No matching quizzes found
Score Distribution
Percent of People with Each Score
Percentile by Number Answered
Your Score History
You have not taken this quiz since the last reset